000085527 001__ 85527
000085527 005__ 20191119144658.0
000085527 037__ $$aTAZ-TFG-2019-1977
000085527 041__ $$aspa
000085527 1001_ $$aSabaté Conte, Claudia
000085527 24200 $$aThe daily world of Isabella The Catholic. The Queen´s Household, education and cultura.
000085527 24500 $$aEl mundo cotidiano de Isabel la Católica. La Casa de la Reina, educación y cultura.
000085527 260__ $$aZaragoza$$bUniversidad de Zaragoza$$c2019
000085527 506__ $$aby-nc-sa$$bCreative Commons$$c3.0$$uhttp://creativecommons.org/licenses/by-nc-sa/3.0/
000085527 520__ $$aEste Trabajo Fin de Grado tiene como objetivo ahondar en aspectos menos conocidos de la vida de Isabel la Católica en relación a sus costumbres y gustos cotidianos, como podían ser su alimentación  o su biblioteca.  Guiado por los estudios culturales, de Historia de las mujeres y de las elites. Para ello, el trabajo se encuentra divido en dos grandes bloques, “La Casa de la Reina” y “Educación y Cultura”. En el primero de los bloques se analizan tres grandes ámbitos relacionados con la cotidianeidad de la reina: los oficiales de su Casa, las residencias reales, la moda durante el reinado de la soberana y, por ultimo su vida cotidiana en la que encontraremos la el entretenimiento, la alimentación y las ceremonias. En el segundo de los bloques hay una división entre el estudio de la educación y la cultura. Dentro del apartado dedicado a la educación podemos encontrar toda aquella información referente a la formación que recibió la propia reina Isabel en su juventud así como las formas de educación que impuso en su Casa. En el apartado de cultura se habla del mecenazgo realizado por la soberna, del grupo de mujeres cultas que hubo en su corte, las Puellae Doctae y por ultimo su biblioteca.  La reina Isabel buscó crear una imagen de poder en torno a su figura y a la de la Monarquía Hispánica para lo que utilizó diversos instrumentos como la moda o la educación de sus hijos, logrando convertirse en un modelo a seguir, como reina, mujer culta y madre protectora entre otros aspectos. Su Casa se convirtió en un lugar de referencia en el que confluían desde eclesiásticos, intelectuales a grandes artistas, logrando con creces su objetivo, ser alabada tanto por sus súbditos como por otras monarquías europeas.<br />
000085527 521__ $$aGraduado en Historia
000085527 540__ $$aDerechos regulados por licencia Creative Commons
000085527 700__ $$aMalo Barranco, Laura$$edir.
000085527 7102_ $$aUniversidad de Zaragoza$$bHistoria Moderna y Contemporánea$$cHistoria Moderna
000085527 8560_ $$f716540@celes.unizar.es
000085527 8564_ $$s1637080$$uhttps://zaguan.unizar.es/record/85527/files/TAZ-TFG-2019-1977.pdf$$yMemoria (spa)
000085527 909CO $$ooai:zaguan.unizar.es:85527$$pdriver$$ptrabajos-fin-grado
000085527 950__ $$a
000085527 951__ $$adeposita:2019-11-19
000085527 980__ $$aTAZ$$bTFG$$cFFYL
000085527 999__ $$a20190625105029.CREATION_DATE